banner-ar

ASWAN AND ABU SIMBEL: HISTORY AND GUIDE / (Record no. 11909)

MARC details
000 -الفاتح
حقل البيانات ثابتة الطول 00574nam a2200217Ia 4500
008 - عناصر البيانات ثابتة الطول - معلومات عامة
حقل البيانات ثابتة الطول 140319s9999 xx 000 0 eng d
040 ## - مصدر الفهرسة
وكالة الفهرسة الأصلية GCL /
وكالة النسخ GCL
082 04 - رقم تصنيف ديوى العشرى
رقم التصنيف CC
رقم المادة 916.202
-- K A
100 1# - المدخل الرئيسى - إسم شخصى
الإسم الشخصى KOMIL,JILL
245 10 - بيان العنوان
العنوان ASWAN AND ABU SIMBEL: HISTORY AND GUIDE /
بيان المسئوليه,etc KOMIL,JILL
260 ## - PUBLICATION, DISTRIBUTION, ETC. (IMPRINT)
تاريخ النشر أو التوزيع 1994
300 ## - الوصف المادى
التعداد 159 PP
650 04 - المدخل الاضافى بالموضوع-مصطلح موضوعى
مصطلح موضوعي EGYPT
650 04 - المدخل الاضافى بالموضوع-مصطلح موضوعى
مصطلح موضوعي HISTORY
650 04 - المدخل الاضافى بالموضوع-مصطلح موضوعى
مصطلح موضوعي ASWAN
650 04 - المدخل الاضافى بالموضوع-مصطلح موضوعى
مصطلح موضوعي ABU SIMBEL
650 04 - المدخل الاضافى بالموضوع-مصطلح موضوعى
مصطلح موضوعي ANCIENT EGYPTIAN LANGUAGE
650 04 - المدخل الاضافى بالموضوع-مصطلح موضوعى
مصطلح موضوعي EGYPT - HISTORY
942 ## - عناصر المدخل الإضافي( كوها)
مصدر التصنيف او مخطط الترفيف Dewey Decimal Classification
Koha [default] item type كتاب
260 ## - PUBLICATION, DISTRIBUTION, ETC. (IMPRINT)
-- [S.N] :
-- THE AMERICAN UNIVERSITY IN CAIRO PRESS ،
Holdings
حالة التراجع حالة الفقد حالة تلف ليس للاعارة المكان المؤقت الموقع الحالى تاريخ الاكتساب اجمالي اﻻعارات رقم الطلب الباركود تاريخ اخر مشاهدة تاريخ تفعيل السعر نوع وعاء كوها
        مكتبة القاهرة الكبرى مكتبة القاهرة الكبرى 03/26/2014   CC\916.202\K A 23381 03/26/2014 03/26/2014 كتاب
        مكتبة القاهرة الكبرى مكتبة القاهرة الكبرى 03/26/2014   CC\916.202\K A 23382 03/26/2014 03/26/2014 كتاب
        مكتبة القاهرة الكبرى مكتبة القاهرة الكبرى 03/26/2014   CC\916.202\K A 23383 03/26/2014 03/26/2014 كتاب
        مكتبة القاهرة الكبرى مكتبة القاهرة الكبرى 03/26/2014   CC\916.202\K A 23384 03/26/2014 03/26/2014 كتاب

Powered By

EGPV